Central Library OPAC University of Rajshahi

শেষের কবিতা / (Record no. 85878)

MARC details
000 -LEADER
fixed length control field 01037nam a2200241 a 4500
001 - CONTROL NUMBER
control field 85878
003 - CONTROL NUMBER IDENTIFIER
rucl marc code BD-RjUL
005 - DATE AND TIME OF LATEST TRANSACTION
control field 20251021125515.0
008 - FIXED-LENGTH DATA ELEMENTS--GENERAL INFORMATION
fixed length control field 251021s20232021bg ||||| |||| 00| 0 eng d
020 ## - INTERNATIONAL STANDARD BOOK NUMBER
International Standard Book Number 9789849589624 :
Terms of availability Tk.240.00
035 ## - SYSTEM CONTROL NUMBER
System control number (BD-RjUL)85878
040 ## - CATALOGING SOURCE
Original cataloging agency BD-RjUL
Language of cataloging eng
Transcribing agency BD-RjUL
041 ## - LANGUAGE CODE
Language code of text/sound track or separate title ben
082 ## - DEWEY DECIMAL CLASSIFICATION NUMBER
Edition number 23
Classification number 891.443
Author mark and year TAS 2023
100 ## - MAIN ENTRY--PERSONAL NAME
Personal name ঠাকুর, রবীন্দ্রনাথ
245 ## - TITLE STATEMENT
Title শেষের কবিতা /
Statement of responsibility, etc. রবীন্দ্রনাথ ঠাকুর; ভূমিকা ও সম্পাদনা মো. আসাদুজ্জামান খান
260 ## - PUBLICATION, DISTRIBUTION, ETC. (IMPRINT)
Place of publication, distribution, etc. ঢাকা :
Name of publisher, distributor, etc. সূর্দোয় প্রকাশন,
Date of publication, distribution, etc. ২০২১, [মুদ্রণ২০২৩]
300 ## - PHYSICAL DESCRIPTION
Pagination ১৪৩ পৃ.;
Size ২২ সেমি.
650 ## - SUBJECT ADDED ENTRY--TOPICAL TERM
Topical term or geographic name as entry element বাংলা সাহিত্য
General subdivision উপন্যাস
Topical term or geographic name as entry element Bengali Literature
General subdivision Novels
9 (RLIN) 9095
700 ## - ADDED ENTRY--PERSONAL NAME
Personal name খান, মো. আসাদুজ্জামান
942 ## - ADDED ENTRY ELEMENTS (KOHA)
Source of classification or shelving scheme Dewey Decimal Classification
Koha item type Books
Holdings
Lost status Source of classification or shelving scheme Damaged status Not for loan Collection code Permanent Location Current Location Shelving location Date acquired Source of acquisition Cost, normal purchase price Total Checkouts Full call number Date last seen Copy number Koha item type Date checked out
  Dewey Decimal Classification   Not For Loan Fiction Central Library, University of Rajshahi Central Library, University of Rajshahi Reading Room 20/10/2025 Biddasagar, Rajshahi 180.00   B 891.443 TAS 2023 21/10/2025 C-1 Books  
  Dewey Decimal Classification     Fiction Central Library, University of Rajshahi Central Library, University of Rajshahi General Stacks 20/10/2025 Biddasagar, Rajshahi 180.00 1 B 891.443 TAS 2023 30/11/2025 C-2 Books 20/11/2025
  Dewey Decimal Classification     Fiction Central Library, University of Rajshahi Central Library, University of Rajshahi General Stacks 20/10/2025 Biddasagar, Rajshahi 180.00   B 891.443 TAS 2023 21/10/2025 C-3 Books